| 000 | 00784nam a2200253 a 4500 | ||
|---|---|---|---|
| 005 | 20210219153152.0 | ||
| 008 | 991125n 000 0 u | ||
| 035 | _aUPN01000081594 | ||
| 222 | _aPEDAGOGIA : | ||
| 222 | _bREVISTA DE LA UNIVERSIDAD PEDAGOGICA NACIONAL | ||
| 245 | _aIdea de hombre y educación en J. J. Rousseau / Jaquelyne Arcos Avila... [et.al] | ||
| 300 | _a49-56 | ||
| 362 | _a1986 Vol. 3, no. 7, may.-ago. | ||
| 653 | 0 | _aCLASES SOCIALES | |
| 653 | 0 | _aEDUCACION | |
| 653 | 0 | _aEDUCACION DE MUJERES | |
| 653 | 0 | _aHOMBRE | |
| 653 | 0 | _aROUSSEAU, JEAN JAQUES, 1712-1778 | |
| 700 | 0 | 2 | _aCAMACHO OLIN, Marcela, coaut. |
| 700 | 0 | 2 | _aCANSECO AGUILAR, Rosalba, coaut. |
| 700 | 0 | 2 | _aGONZALEZ SANCHEZ, Irma, coaut. |
| 904 |
_aAC _b019405 |
||
| 905 | _aArticulo | ||
| 999 |
_c70026 _d70026 |
||